Inbetweeners Quiz - Statistics

General Stats
  • This quiz has been taken 2,932 times
  • The average score is 11 of 15
Answer Stats
Hint Answer % Correct
Loves Carli Simon Cooper
99%
Obssessed with sex Jay Cartwright
98%
The idiot that dance Neil Sutherland
97%
The Narrator Will McKenzie
96%
Number of series 3
94%
How many episode in each series? 6
91%
"Bus _______" Wankers
84%
"________ Friend" Football
80%
Played by Greg Davies Mr.Gilbert
74%
The perverted teacher Mr Kennedy
58%
Which country is "Loves Carli" going to live? Wales
58%
"You wanna lick my ________" Cornetto
52%
Bender and Bumer Bumder
50%
Which comedian poster does Simon has in his room? Jimmy Carr
22%
Number 1 Inbetweeners moment Fish
20%
No matching quizzes found
Score Distribution
Percent of People with Each Score
Percentile by Number Answered
Your Score History
You have not taken this quiz